Compendium of medicinal plants / (Record no. 135461)

MARC details
000 -LEADER
fixed length control field 00795nam a22002417a 4500
003 - CONTROL NUMBER IDENTIFIER
control field 0
005 - DATE AND TIME OF LATEST TRANSACTION
control field 20180712163737.0
008 - FIXED-LENGTH DATA ELEMENTS--GENERAL INFORMATION
fixed length control field 0
010 ## - LIBRARY OF CONGRESS CONTROL NUMBER
LC control number B-220693
020 ## - INTERNATIONAL STANDARD BOOK NUMBER
Terms of availability 875.00
International Standard Book Number 8186623809
035 ## - SYSTEM CONTROL NUMBER
System control number B-220693, B-220695
037 ## - SOURCE OF ACQUISITION
Source of stock number/acquisition Cen Lib/Ret
040 ## - CATALOGING SOURCE
Original cataloging agency DPL
Language of cataloging EN
Transcribing agency 0
082 ## - DEWEY DECIMAL CLASSIFICATION NUMBER
Classification number 581.634
Item number COM
110 ## - MAIN ENTRY--CORPORATE NAME
Corporate name or jurisdiction name as entry element Delhi.National Institute of Industrial Research
9 (RLIN) 97229
245 ## - TITLE STATEMENT
Title Compendium of medicinal plants /
260 ## - PUBLICATION, DISTRIBUTION, ETC. (IMPRINT)
Place of publication, distribution, etc Delhi
Name of publisher, distributor, etc National Institute of Industrial Research
270 ## - ADDRESS
City Delhi
Postal code 110007
Address 106-E, Kamla Nagar
300 ## - PHYSICAL DESCRIPTION
Extent 444p. :
Dimensions 20cm(pbk)
Other physical details ill.
650 ## - SUBJECT ADDED ENTRY--TOPICAL TERM
Topical term or geographic name as entry element Medicinal plants -- India -- Handbooks, manuals, etc.
9 (RLIN) 97230
650 ## - SUBJECT ADDED ENTRY--TOPICAL TERM
Topical term or geographic name as entry element Materia medica, Vegetable -- India -- Handbooks, manuals, etc.
9 (RLIN) 97231
942 ## - ADDED ENTRY ELEMENTS (KOHA)
Source of classification or shelving scheme Dewey Decimal Classification
Koha item type English Books
Classification part 581.634
Call number suffix COM
Holdings
Withdrawn status Lost status Damaged status Not for loan Home library Current library Date acquired Source of acquisition Cost, normal purchase price Total Checkouts Total Renewals Full call number Barcode Date last seen Date checked out Copy number Cost, replacement price Price effective from Koha item type Source of classification or shelving scheme Collection code
        Central Library Central Library 06/10/2015 Cen Lib/Ret 875.00 9 2 581.634 COM B-220693 02/12/2025 18/11/2025 1 875.00 06/10/2015 English Books    
        Patel Nagar Patel Nagar 12/07/2018 BPPD/Pub 875.00 1 2 581.634 COM B-220695 08/04/2023 18/03/2023   875.00 12/07/2018 English Books Dewey Decimal Classification Non-fiction

© Delhi Public Library
Hit Counter
free hit counter